00301 2200145 4500001002100000005001500021035002000036245002900056300000700085260001900092082000800111084001200119990001200131990001200143INLIS00000000000226320250527025121 a0010-0525000555 aIntergration Undvieltalt a65 bKatalis,c2008 a430 a430 INT a0713335 a0713336